000 00854nam a22002531a 4500
001 000018289
005 20200929165435.0
008 780620s1970 pr a 000 p spa
040 _aDO-SdBNP
_cMB
_dDLC
_dBNPHU
082 _aPR861.42
_bC824y
100 1 _aCorretjer, Juan Antonio,
_d1908-1985
_939605
245 1 0 _aYerba bruja; /
_cPortada e ilustración Torres Martino.
260 _aSan Juan, :
_bInstituto de Cultura Puertorriquena,
_c1970.
300 _a121 p. :
_bil. ;
_c19 cm.
490 0 _aHis Imagen de Borinquen,
_v4
490 0 _aSerie: Biblioteca popular
650 4 _aPoesía puertorriqueña
_91015
650 4 _aLiteratura puertorriqueña
_9250
700 1 _aMartino, Torres
_939606
830 0 _aHis Imagen de Borinquen,
_n4
_939607
830 0 _aSerie: Biblioteca popular
_939608
910 _aCatalogación derivada
049 _aBNGR
999 _c17810
_d17810